Musicians/Bands by Picture - Statistics

General Stats
  • This quiz has been taken 185 times
  • The average score is 9 of 12
Answer Stats
Picture Answer % Correct
Queen
97%
Guns n Roses
94%
Red Hot Chili Peppers
94%
Ice Cube
92%
Pitbull
81%
Marshmello
79%
The Beatles
79%
Doors
72%
50 Cent
60%
Rolling Stones
57%
Prince
56%
Beyonce (Queen Bee)
49%
No matching quizzes found
Score Distribution
Percent of People with Each Score
Percentile by Number Answered
Your Score History
You have not taken this quiz